Saboo and Jojo / (Record no. 54457)

MARC details
000 -LEADER
fixed length control field 01458nam a22002777a 4500
005 - DATE AND TIME OF LATEST TRANSACTION
control field 2011072703233.0
010 ## - LCCN (DPL NO)
LC control number B-432414-418
020 ## - INTERNATIONAL STANDARD BOOK NUMBER
International Standard Book Number 8182633435
Terms of availability 15.00
035 ## - SYSTEM CONTROL NUMBER
System control number B-432414-418
037 ## - SOURCE OF ACQUISITION
Source of stock number/acquisition Blueberry Books
082 ## - DEWEY DECIMAL CLASSIFICATION NUMBER
Classification number S
100 ## - MAIN ENTRY--PERSONAL NAME
Personal name Ohri, Herminder
245 ## - TITLE STATEMENT
Title Saboo and Jojo /
Statement of responsibility, etc by Herminder Ohri
250 ## - EDITION STATEMENT
Edition statement 3rd ed.
260 ## - PUBLICATION, DISTRIBUTION, ETC. (IMPRINT)
Place of publication, distribution, etc Bangalore :
Name of publisher, distributor, etc Pratham Books,
Date of publication, distribution, etc 2010.
270 ## - ADDRESS
Address 633-634, 4th C Main, B cross, Ombr Layout, Banaswadi
City Bangalore
Postal code 560043
Telephone number 80-25420925
300 ## - PHYSICAL DESCRIPTION
Extent 8 p.:
Other physical details illus.
Dimensions 20 cm (Pbk)
700 ## - ADDED ENTRY--PERSONAL NAME
9 (RLIN) 30183
942 ## - ADDED ENTRY ELEMENTS (KOHA)
Source of classification or shelving scheme Dewey Decimal Classification
Item type Children Books
Classification part S
Call number suffix OHR
Holdings
Withdrawn status Lost status Not for loan Collection code Home library Current library Date acquired Source of acquisition Cost, normal purchase price Full call number Barcode Copy number Cost, replacement price Koha item type
      Fiction Central Library Central Library 28/07/2011 Blue Berry/6363/25.3.11/83/21.3.11/31.3.11 15.00 S OHR B-432414 1 15.00 Children Books
      Fiction Karol Bagh Karol Bagh 28/07/2011 Blue Berry/6363/25.3.11/83/21.3.11/31.3.11 15.00 S OHR B-432417 1 15.00 Children Books
      Fiction Patel Nagar Patel Nagar 28/07/2011 Blue Berry/6363/25.3.11/83/21.3.11/31.3.11 15.00 S OHR B-432415 1 15.00 Children Books
      Fiction Sarojini Nagar Sarojini Nagar 28/07/2011 Blue Berry/6363/25.3.11/83/21.3.11/31.3.11 15.00 S OHR B-432416 1 15.00 Children Books
  Written-off vide DLB M. No. 383 dt 16.05.19   Fiction Shahdara Branch Shahdara Branch 28/07/2011 Blue Berry/6363/25.3.11/83/21.3.11/31.3.11 15.00 S OHR B-432418 1 15.00 Children Books

© Delhi Public Library
Hit Counter
free hit counter